Statistics for Οι 10 χώρες με τη μεγαλύτερη οικονομία

Click here to take the quiz!

General Stats

  • This quiz has been taken 273 times
  • The average score is 8 of 11

Answer Stats

ΚατάταξηΑΕΠ (τρισ. $)Χώρα% Correct
1.21,44ΗΠΑ
97%
4.3,86Γερμανία
95%
2.14,14Κίνα
91%
7.2,71Γαλλία
89%
3.5,15Ιαπωνία
85%
10.1,73Καναδάς
80%
6.2,83Ηνωμένο Βασίλειο
78%
8.1,99Ιταλία
75%
5.2,94Ινδία
69%
9.1,85Βραζιλία
63%
~19Ευρωπαϊκή Ένωση
6%

Score Distribution

Percentile by Number Answered

Percent of People with Each Score

Your Score History

You have not taken this quiz